000 00674nam a2200265Ia 4500
005 20260121165118.0
008 008 260114s9999 xx 000 0 eng d
020 _a9781137586544
037 _aEBOOK
040 _aCRL
040 _beng
040 _cCRL
041 _2eng
041 _aeng
084 _qCRL
100 _aJoshua Arthurs, Michael Ebner, Kate Ferris
_91047667
245 4 _aThe Politics of Everyday Life in Fascist Italy
260 _bSpringer
260 _bSpringer
260 _c2017
856 _uhttps://link.springer.com/openurl?genre=book&isbn=978-1-137-58654-4
942 _cEBOOK
999 _c1613392
_d1613392